书目信息 |
| 题名: |
可计算性不可解性
|
|
| 作者: | 美M.戴维斯 | |
| 分册: | ||
| 出版信息: | 北京 北京大学出版社 1984.08 |
|
| 页数: | 277页 | |
| 开本: | 19cm | |
| 丛书名: | ||
| 单 册: | ||
| 中图分类: | TM11 | |
| 科图分类: | ||
| 主题词: | 电工单位 , 电工--计算 | |
| 电子资源: | ||
| ISBN: | ||
| 000 | 00549nam0 2200205 45 | |
| 001 | 0308271080 | |
| 005 | 20030827104458.0 | |
| 010 | @dRMB0.95 | |
| 100 | @a20030827d1984 km y0chiy0120 ea | |
| 101 | @achi | |
| 105 | @a z 000yy | |
| 200 | 1 | @a可计算性不可解性@Ake ji suan xing bu ke jie xing@f美M.戴维斯@Fmei M.dai wei si |
| 210 | @a北京@c北京大学出版社@d1984.08 | |
| 215 | @a277页@c无图表@d19cm | |
| 606 | 0 | @a电工单位 |
| 606 | 0 | @a电工@x计算 |
| 690 | @aTM11@v3 | |
| 701 | 0 | @a美M.戴维斯 |
| 801 | @aCN@b@c20030827 | |
| 905 | @aBZT@dTM11@e100 | |
| 可计算性不可解性/美M.戴维斯.-北京:北京大学出版社,1984.08 |
| 277页:无图表;19cm |
| ISBN :RMB0.95 |
| ● |
| 相关链接 |
|
|
|
正题名:可计算性不可解性
索取号:TM11/100
 
预约/预借
| 序号 | 登录号 | 条形码 | 馆藏地/架位号 | 状态 | 备注 |
| 1 | 2480 | 200498345 | 中心书库中库/ 中库029架B面3列6层24/ [索取号:TM11/100] | 在馆 |